00624nam a2200145Ia 4500008004100000050002300041100002400064245013700088260008600225300002000311521001500331942000700346999001900353952010600372140724s9999 xx 000 0 und d aBF 576b.V494 2014 aVergara, Kenneth T. aEmotional intelligence and levels of risky behaviors of children in conflict with the law of Las Piñas City /cKenneth T. Vergara. aLas Piñas, Philippines :bSouthville International School and Colleges,cc2014. a80 p. :c28 cm. aPsychology cTH c229347d229347 001040aCLbCLcTHESESd2014-07-24l0oBF 576 .V494 2014pT0701r2018-05-15 00:00:00w2014-07-24yTH